000 01386nam a2200421 c 4500
001 23410
003 ES-MaCES
005 20141221122838.0
008 101129s2010 sp t o000 | spa d
017 _aM 24854-2010
_bDL
035 _aCES20100009470m
040 _aES-MaCES
_bspa
_cES-MaCES
245 0 0 _aJusticia y economía
_cdirectora, Mercedes Ayuso Gutiérrez
260 _aMadrid
_bConsejo General del Poder Judicial
_c[2010]
300 _a453 p.
_c22 cm
490 1 _aManuales de formación continuada
_v49-2009
504 _aBibliografía
541 _cGratuito
650 4 _aadministración de justicia
_927204
650 4 _aprocedimiento judicial
_929889
650 4 _aeconomía
_926781
650 4 _acondiciones económicas
_927081
650 4 _acrisis económica
_927102
650 4 _aderecho mercantil
_927157
650 4 _aderecho financiero
_930891
650 4 _aderecho penal
_927159
650 4 _aEspaña
_926964
650 4 _ajurisprudencia
_928624
650 4 _atribunal supremo
_929919
650 4 _arégimen jurídico
_929894
653 1 0 _aDerecho
700 1 _aAyuso Gutiérrez, Mercedes
_edir.
_96788
710 2 _aEspaña
_bConsejo General del Poder Judicial
_eed.
_92750
830 1 _aManuales de formación continuada
_v49-2009
_933573
902 _aLIB Libro
942 _2CES
_cBK
_h6.0.
999 _c23410
_d23410